00647nam a2200205Ia 450000500170000000800410001702000150005808200130007310000150008624500770010126000510017830000200022965000370024965000100028665000120029665000140030894200060032295200980032899900150042620240925015810.0240331s9999 xx 000 0 und d a0889203288 bELDa791 aElder, R.B 2aA body of vision :brepresentation of the body in recent film and poetry aCanadabWilfrid Laurier university pressc1997 aviii, 400 p .,  a Body, Human, in motion Pictures aFilms aHistory aCriticism cL 001040708LaWERCLbWERCLcSSCd2024-03-31l0o 791.43 ELDp4327r2024-03-31w2024-03-31yL c3065d3065